Statistiche per Province Italiane con la C

Clicka qui per fare il quiz!

Statistiche generali

  • Questo quiz è stato fatto 33 volte
  • Il punteggio medio è 10 su 12

Statistiche sulle risposte

ProvinceSigla% Corretto
CagliariCA
97%
ChietiCH
97%
CatanzaroCZ
93%
CrotoneKR
93%
ComoCO
90%
CataniaCT
83%
CremonaCR
83%
CuneoCN
83%
CampobassoCB
76%
CosenzaCS
76%
CasertaCE
72%
CaltanissettaCL
69%

Distribuzione punteggi

Percentile per numero di risposta

Percentuale di utenti per punteggio

I tuoi punteggi nel tempo

Non hai fatto questo quiz